000 00653nam a22002177a 4500
003 UA-OsUOA
001 46399
007 ta
008 20070614b un ||||| |||| 00| 0 ukr d
100 _aМогильницький Р.
090 _a330
_bМ-12
942 _cSA
040 _aUA-OsUOA
_bukr
_cUA-OsUOA
_dUA-OsUOA
245 _aРоль мікрокредитування у розвитку приватної ініціативи: міжнародна та вітчизняна практика
300 _aС.44-50
955 _a0
041 _aukr
080 _a330
773 0 _w46387
650 7 _a330 Економіка взагалі
_2UDC
999 _c332494
_d332494